Soviet sociology: historical antecedents and current appraisals (Record no. 417050)

000 -LEADER
fixed length control field 00404cam a22001217a 4500
008 - FIXED-LENGTH DATA ELEMENTS--GENERAL INFORMATION
fixed length control field 180718b1967 xxu||||| |||| 00| 0 eng d
082 ## - DEWEY DECIMAL CLASSIFICATION NUMBER
Classification number B1x47 Si45
245 ## - TITLE STATEMENT
Title Soviet sociology: historical antecedents and current appraisals
Statement of responsibility, etc. edited by Alex Simirenko
260 ## - PUBLICATION, DISTRIBUTION, ETC.
Place of publication, distribution, etc. London
Name of publisher, distributor, etc. Routledge And Kegan Paul
Date of publication, distribution, etc. 1967
300 ## - PHYSICAL DESCRIPTION
Extent 284p
650 ## - SUBJECT ADDED ENTRY--TOPICAL TERM
Topical term or geographic name entry element Sociology -Soviet Union -History.
700 ## - ADDED ENTRY--PERSONAL NAME
Personal name Simirenko, Alex, ed
Holdings
Withdrawn status Lost status Damaged status Not for loan Permanent Location Current Location Date acquired Full call number Barcode Date last seen Price effective from Koha item type
        Indian Institute of Public Administration Indian Institute of Public Administration 2009-03-20 B1x47 Si45 41783 2018-07-21 2018-07-21 Book

Powered by Koha